00321nam a2200109 i 4500001000300000245003400003260001900037040000800056041000800064008004100072856009800113bg 0aKristallizacija iz rasplavov. aMoskva,c1987. cBPK apol s pl f |000 0 pol  uhttp://koha.tu.koszalin.pl/cgi-bin/koha/opac-detail.pl?biblionumber=23711yKatalog online BPK